Economic growth in the 1990s : learning from a decade of reform
| Format: | Book |
|---|---|
| Language: | English |
| Published: |
Washington :
World Bank ,
2005
|
| Subjects: |
MARC
| LEADER | 00000cam a2200000 7i4500 | ||
|---|---|---|---|
| 001 | 0000055474 | ||
| 005 | 20100128.0 | ||
| 008 | 100128 eng | ||
| 020 | |a 0821360434 | ||
| 090 | 0 | 0 | |a 338.90091724 ECO |
| 245 | 0 | 0 | |a Economic growth in the 1990s : |b learning from a decade of reform |c prepared by Roberto Zagha |
| 260 | |a Washington : |b World Bank , |c 2005 | ||
| 300 | |a xvi,364p. : |b ill. ; |c 27cm. | ||
| 650 | 0 | 0 | |a Developing countries-Economic policy |
| 999 | |a 0000074448 |b Buku |c Lincoln Corner Rak Terbuka |e Perbadanan Perpustakaan Awam Melaka | ||